000 00703nam a2200217Ia 4500
001 21435
003 GE_BSU
008 181216s||||||||xx |||||||||||||| ||und||
040 _cGE_BSU
080 _aპერიოდიკა
245 _aДипломатическая служба. №4. (73) 2017.
245 _bНаучно-практический журнал
245 _cГл. ред. Винокуров владимир иванович
260 _aМосква
260 _c2017
300 _a110 стр. 29 см.
653 _aДипломатическая служба. №4. (73) 2017.
653 _aПериодика
653 _aპერიოდიკა
942 _cCR
999 _c54379
_d54379